| 000 | 01079 a2200277 4500 | ||
|---|---|---|---|
| 020 | _a8176290815 | ||
| 020 | _a9788176290814 | ||
| 090 |
_c556 _d556 |
||
| 100 | 1 | _aGunaseelan, G.John. | |
| 245 | 1 | 0 |
_aPublic sector road corporation : _ba comparative study with private sector / _cG.John Gunaseelan. |
| 260 |
_a[S.l.] : _bDeep & Deep Publications, _c1998. |
||
| 300 |
_a195 p. ; _c23 cm. |
||
| 500 | _aHardcover. | ||
| 520 | _aWith reference to Tamil Nadu, India. | ||
| 650 | 4 | _aManagement & Business: General. | |
| 650 | 4 | _aBusiness & management. | |
| 650 | 4 | _aCentral government. | |
| 650 | 4 | _aTransport planning & policy. | |
| 650 | 4 | _aBusiness & Economics / General. | |
| 650 | 4 | _aPOLITICAL SCIENCE / Government / National. | |
| 650 | 4 | _aPOLITICAL SCIENCE / Public Policy / Environmental Policy. | |
| 650 | 4 | _aTRANSPORTATION / General. | |
| 856 | 4 | 0 |
_3Amazon.com _uhttp://www.amazon.com/exec/obidos/ASIN/8176290815/chopaconline-20 |
| 856 | 4 | 0 |
_3Amazon customer reviews _uhttp://www.chopac.org/cgi-bin/tools/azrev.pl?q=8176290815 |
| 942 |
_aNBS _cBK _k519.72 GUN |
||
| 999 |
_c343114 _d343114 |
||